000 00654nam a2200241Ia 4500
005 20260121112519.0
008 6611 260114s9999 xx 000 0 eng d
020 _a9789812814685
037 _aEBOOK
040 _aCRL
_beng
_cCRL
041 _aeng
_2eng
084 _qCRL
100 _aWang Zhenyuan Et Al
_9958845
245 0 _aNonlinear Integrals and Their Applications in Data Mining
260 _bWorld Scientific
260 _bWSPC
260 _c2010
650 _aMathematics
_9958846
856 _uhttps://www.worldscientific.com/worldscibooks/10.1142/6861#t=toc
942 _cEBOOK
999 _c1543911
_d1543911